[Event "HUN-chT2 Erkel 2324"]
[Site "Hunagry"]
[Date "2023.12.10"]
[Round "3.12"]
[White "Rabovszky, Gyorgy"]
[Black "Laszlo, Laura"]
[Result "0-1"]
[WhiteElo "1576"]
[BlackElo "1870"]
[PlyCount "58"]
[EventDate "2023.10.08"]
[EventType "team-tourn"]
[EventRounds "9"]
[EventCountry "HUN"]
[SourceTitle "EXT 2025"]
[Source "ChessBase"]
[SourceDate "2024.10.14"]
[SourceVersion "1"]
[SourceVersionDate "2024.10.14"]
[SourceQuality "1"]
[WhiteTeam "HASE"]
[BlackTeam "Hus"]
[WhiteTeamCountry "HUN"]
[BlackTeamCountry "HUN"]

1. e4 c5 2. Nf3 Nc6 3. d4 cxd4 4. Nxd4 e5 5. Nb3 Nf6 6. Nc3 Bb4 7. Bd3 d5 8. exd5 Nxd5 9. Bd2 Nxc3 10. bxc3 Bd6 11. 0-0 Qh4 12. g3 Qh3 13. Be4 Bg4 14. f3 Be6 15. Bg5 Bc7 16. Qe2 f5 17. Bxc6+ bxc6 18. Be3 0-0 19. Nc5 Bd5 20. c4 Bf7 21. Rfd1 f4 22. Bf2 fxg3 23. hxg3 Bh5 24. Rd3 e4 25. Nxe4 Rae8 26. Re1 h6 27. Bxa7 Bxg3 28. Bf2 Rxe4 29. fxe4 Qh2+ 0-1

[Event "HUN-chT2 Erkel 2223"]
[Site "Hungary"]
[Date "2023.04.23"]
[Round "9.9"]
[White "Fodre, Sandor"]
[Black "Rabovszky, Gyorgy"]
[Result "1-0"]
[WhiteElo "2001"]
[BlackElo "1644"]
[PlyCount "61"]
[EventDate "2022.11.20"]
[EventType "team-tourn"]
[EventRounds "9"]
[EventCountry "HUN"]
[SourceTitle "EXT 2025"]
[Source "ChessBase"]
[SourceDate "2024.10.14"]
[SourceVersion "1"]
[SourceVersionDate "2024.10.14"]
[SourceQuality "1"]
[WhiteTeam "Dunaharaszti II"]
[BlackTeam "HASE"]
[WhiteTeamCountry "HUN"]
[BlackTeamCountry "HUN"]

1. e4 c5 2. c3 d5 3. exd5 Qxd5 4. d4 e5 5. Nf3 Nc6 6. Be3 cxd4 7. cxd4 Bg4 8. Be2 e4 9. Nc3 Bb4 10. Nd2 Bxc3 11. bxc3 Bxe2 12. Qxe2 Nf6 13. c4 Qd7 14. d5 Nb4 15. 0-0 h5 16. Bc5 Na6 17. Nxe4 0-0-0 18. Nxf6 gxf6 19. Bxa7 Rdg8 20. Qf3 Rg6 21. Be3 Nb4 22. Bf4 Rhg8 23. g3 Qh3 24. Rad1 h4 25. d6 Nc6 26. d7+ Kd8 27. Qb3 hxg3 28. fxg3 Ke7 29. Qe3+ Kd8 30. Qb6+ Ke7 31. Rfe1+ 1-0

[Event "HUN-chT2 Erkel 2223"]
[Site "Hungary"]
[Date "2023.03.12"]
[Round "7.9"]
[White "Rabovszky, Gyorgy"]
[Black "D Albini, Geza"]
[Result "1-0"]
[WhiteElo "1636"]
[BlackElo "1762"]
[PlyCount "53"]
[EventDate "2022.11.20"]
[EventType "team-tourn"]
[EventRounds "9"]
[EventCountry "HUN"]
[SourceTitle "EXT 2025"]
[Source "ChessBase"]
[SourceDate "2024.10.14"]
[SourceVersion "1"]
[SourceVersionDate "2024.10.14"]
[SourceQuality "1"]
[WhiteTeam "HASE"]
[BlackTeam "Vizugy"]
[WhiteTeamCountry "HUN"]
[BlackTeamCountry "HUN"]

1. b3 d5 2. Bb2 c5 3. e3 Nc6 4. d4 b6 5. Bb5 Bb7 6. Nf3 f6 7. 0-0 a6 8. Bd3 e6 9. Nbd2 f5 10. h3 Nf6 11. Ng5 Qd7 12. dxc5 e5 13. c4 Bxc5 14. cxd5 Nb4 15. Bc4 Nbxd5 16. Bxe5 Nxe3 17. Qe2 Qc6 18. Ndf3 Nxc4 19. Bxf6+ Ne3 20. Bb2 h6 21. fxe3 hxg5 22. Rac1 Qe4 23. Bd4 g4 24. Bxc5 bxc5 25. Nd2 Qe6 26. Rxc5 gxh3 27. Rfxf5 1-0

[Event "HUN-chT2 Erkel 2223"]
[Site "Hungary"]
[Date "2023.02.19"]
[Round "6.10"]
[White "Rabovszky, Gyorgy"]
[Black "Makay, Mark Janos"]
[Result "0-1"]
[WhiteElo "1617"]
[BlackElo "1905"]
[PlyCount "68"]
[EventDate "2022.11.20"]
[EventType "team-tourn"]
[EventRounds "9"]
[EventCountry "HUN"]
[SourceTitle "EXT 2025"]
[Source "ChessBase"]
[SourceDate "2024.10.14"]
[SourceVersion "1"]
[SourceVersionDate "2024.10.14"]
[SourceQuality "1"]
[WhiteTeam "HASE"]
[BlackTeam "EUTender Sinus"]
[WhiteTeamCountry "HUN"]
[BlackTeamCountry "HUN"]

1. e4 c5 2. Nf3 e6 3. d4 cxd4 4. Nxd4 a6 5. Be2 Nf6 6. Nc3 Bb4 7. f3 d5 8. 0-0 Bxc3 9. bxc3 dxe4 10. Bg5 e5 11. Nb3 Qxd1 12. Raxd1 Nbd7 13. f4 exf4 14. Rxf4 0-0 15. Nd2 Nd5 16. Rxe4 Nxc3 17. Re3 Nxd1 18. Bxd1 Nb6 19. Bf3 Be6 20. Bxb7 Ra7 21. Bf3 h6 22. Bf4 Nd5 23. Bxd5 Bxd5 24. c4 Be6 25. c5 Bxa2 26. c6 a5 27. c7 Be6 28. Ra3 a4 29. h4 Rc8 30. Kf2 Bd7 31. Ne4 Raxc7 32. Bxc7 Rxc7 33. Ke3 Bc6 34. g3 Re7 0-1

[Event "HUN-chT2 Erkel 2223"]
[Site "Hungary"]
[Date "2023.02.12"]
[Round "5.9"]
[White "Rabovszky, Gyorgy"]
[Black "Torok, Tamas"]
[Result "1/2-1/2"]
[WhiteElo "1617"]
[BlackElo "1886"]
[PlyCount "115"]
[EventDate "2022.11.20"]
[EventType "team-tourn"]
[EventRounds "9"]
[EventCountry "HUN"]
[SourceTitle "EXT 2025"]
[Source "ChessBase"]
[SourceDate "2024.10.14"]
[SourceVersion "1"]
[SourceVersionDate "2024.10.14"]
[SourceQuality "1"]
[WhiteTeam "HASE"]
[BlackTeam "Vac"]
[WhiteTeamCountry "HUN"]
[BlackTeamCountry "HUN"]

1. b3 Nf6 2. Bb2 g6 3. e4 d6 4. Nf3 c5 5. Bb5+ Bd7 6. a4 Bg7 7. 0-0 Nc6 8. Re1 0-0 9. Na3 Bg4 10. h3 Bxf3 11. Qxf3 Nd4 12. Bxd4 cxd4 13. Rac1 a6 14. Bf1 Nd7 15. d3 Qa5 16. Nc4 Qg5 17. Qg4 Qxg4 18. hxg4 Bh6 19. Ra1 b5 20. Nb2 Rac8 21. Re2 Rc7 22. axb5 axb5 23. Ra5 Rb8 24. g3 e5 25. Bh3 Rb6 26. Kf1 Kg7 27. Ke1 Nc5 28. f3 Bg5 29. Kf1 Na6 30. Nd1 Nb4 31. f4 Be7 32. g5 Nxc2 33. Bd7 Rc5 34. Bxb5 Rbxb5 35. Rxb5 Rxb5 36. Rxc2 Rxb3 37. Ke2 f6 38. gxf6+ Kxf6 39. Nf2 h5 40. Nh3 Ke6 41. Kd2 Rb1 42. Rc1 Rb2+ 43. Rc2 Rb1 44. Rc1 Rxc1 45. Kxc1 d5 46. Kd2 dxe4 47. dxe4 h4 48. gxh4 Bxh4 49. Kd3 Kf6 50. fxe5+ Kxe5 51. Ng1 Bf2 52. Nf3+ Ke6 53. Nxd4+ Bxd4 54. Kxd4 g5 55. e5 g4 56. Ke4 g3 57. Kf3 Kxe5 58. Kxg3 1/2-1/2

[Event "HUN-chT2 Erkel 2223"]
[Site "Hungary"]
[Date "2022.12.18"]
[Round "3.8"]
[White "Matin, Gabor"]
[Black "Rabovszky, Gyorgy"]
[Result "1-0"]
[WhiteElo "1991"]
[BlackElo "1645"]
[PlyCount "67"]
[EventDate "2022.11.20"]
[EventType "team-tourn"]
[EventRounds "9"]
[EventCountry "HUN"]
[SourceTitle "EXT 2025"]
[Source "ChessBase"]
[SourceDate "2024.10.14"]
[SourceVersion "1"]
[SourceVersionDate "2024.10.14"]
[SourceQuality "1"]
[WhiteTeam "Kekes II"]
[BlackTeam "HASE"]
[WhiteTeamCountry "HUN"]
[BlackTeamCountry "HUN"]

1. d4 Nf6 2. Nf3 c5 3. c3 e6 4. e3 d5 5. Bd3 Nc6 6. 0-0 Be7 7. Nbd2 b6 8. Ne5 Nxe5 9. dxe5 Nd7 10. f4 a5 11. Qe2 Bb7 12. Nf3 Qc7 13. b3 f6 14. exf6 Nxf6 15. Bb2 0-0-0 16. Ng5 Rd6 17. Nf7 Rf8 18. Nxd6+ Bxd6 19. Ba6 Bxa6 20. Qxa6+ Qb7 21. Qxb7+ Kxb7 22. c4 Kc6 23. Bxf6 Rxf6 24. g4 Rg6 25. g5 e5 26. h4 Re6 27. cxd5+ Kxd5 28. f5 Re8 29. Rad1+ Kc6 30. e4 b5 31. Rd5 c4 32. bxc4 Bc5+ 33. Kg2 bxc4 34. Rc1 1-0

[Event "SVK-chT2C 2223"]
[Site "Slovakia"]
[Date "2022.11.26"]
[Round "5.8"]
[White "Rabovszky, Gyorgy"]
[Black "Szabo, Ladislav1"]
[Result "1-0"]
[WhiteElo "1645"]
[BlackElo "1453"]
[PlyCount "67"]
[EventDate "2022.10.08"]
[EventType "team-tourn"]
[EventRounds "11"]
[EventCountry "SVK"]
[SourceTitle "EXT 2024"]
[Source "ChessBase"]
[SourceDate "2023.10.10"]
[SourceVersion "1"]
[SourceVersionDate "2023.10.10"]
[SourceQuality "1"]
[WhiteTeam "Filakovo"]
[BlackTeam "Vinica"]
[WhiteTeamCountry "SVK"]
[BlackTeamCountry "SVK"]

1. e4 e5 2. Nf3 Nc6 3. Bb5 d6 4. 0-0 Bd7 5. Re1 a6 6. Bc4 Na5 7. Bf1 Bg4 8. h3 Bh5 9. c3 c5 10. d3 h6 11. Qa4+ Nc6 12. Nh2 b5 13. Qc2 Nf6 14. a4 b4 15. f4 exf4 16. Bxf4 g5 17. Bg3 Nd7 18. cxb4 Nxb4 19. Qc3 Rg8 20. e5 d5 21. e6 fxe6 22. Qd2 Qf6 23. Nc3 Bg6 24. Rxe6+ Qxe6 25. Re1 Qxe1 26. Qxe1+ Kf7 27. Qf2+ Kg7 28. Qf3 Nf6 29. Be5 Be7 30. Ng4 Rgf8 31. Nxd5 Nbxd5 32. Qxd5 Rad8 33. Qb7 Rd7 34. Qxd7 1-0

[Event "SVK-ch Amateur"]
[Site "Topolcany"]
[Date "2020.07.13"]
[Round "6"]
[White "Mirowska, Oliwia"]
[Black "Rabovszky, Gyorgy"]
[Result "1-0"]
[WhiteElo "1898"]
[BlackElo "1716"]
[PlyCount "53"]
[EventDate "2020.07.10"]
[EventType "swiss"]
[EventRounds "7"]
[EventCountry "SVK"]
[SourceTitle "EXT 2021"]
[Source "ChessBase"]
[SourceDate "2020.10.23"]
[SourceVersion "1"]
[SourceVersionDate "2020.10.23"]
[SourceQuality "1"]

1. e4 c5 2. g3 Nc6 3. Bg2 d6 4. d3 g6 5. f4 Bg7 6. Nf3 Bg4 7. c3 Qc7 8. 0-0 h5 9. h3 Bd7 10. Be3 e5 11. Na3 Nge7 12. Ng5 f6 13. fxe5 Nxe5 14. Nf3 g5 15. d4 Nxf3+ 16. Qxf3 g4 17. hxg4 hxg4 18. Qf2 Rh5 19. dxc5 dxc5 20. Bf4 Qd8 21. Nc4 Nc8 22. Rad1 b5 23. e5 bxc4 24. e6 Nb6 25. exd7+ Nxd7 26. Qe2+ Kf7 27. Qxg4 1-0

[Event "SVK-ch Amateur"]
[Site "Topolcany"]
[Date "2020.07.12"]
[Round "4"]
[White "Skreno, Vladimir"]
[Black "Rabovszky, Gyorgy"]
[Result "1-0"]
[WhiteElo "2126"]
[BlackElo "1716"]
[PlyCount "83"]
[EventDate "2020.07.10"]
[EventType "swiss"]
[EventRounds "7"]
[EventCountry "SVK"]
[SourceTitle "EXT 2021"]
[Source "ChessBase"]
[SourceDate "2020.10.23"]
[SourceVersion "1"]
[SourceVersionDate "2020.10.23"]
[SourceQuality "1"]

1. d4 Nf6 2. Nf3 d5 3. c4 e6 4. Bg5 h6 5. Bxf6 Qxf6 6. Nc3 Bb4 7. Qa4+ Nc6 8. Ne5 0-0 9. Nxc6 Bxc3+ 10. bxc3 Bd7 11. cxd5 exd5 12. e3 bxc6 13. Be2 Qg6 14. 0-0 Bf5 15. c4 Rfb8 16. cxd5 cxd5 17. Rac1 Rb7 18. Bf3 Be4 19. Bxe4 Qxe4 20. Qa5 Rab8 21. Rxc7 Rb1 22. Rcc1 Rxc1 23. Rxc1 Rb1 24. Qc3 a5 25. h3 Rxc1+ 26. Qxc1 Qd3 27. a4 Qb3 28. Qc6 Kh7 29. Kh2 f5 30. Qd7 Kg6 31. Qe6+ Kh7 32. Qxf5+ Kh8 33. Qd7 Kh7 34. Qb5 Qxb5 35. axb5 a4 36. b6 a3 37. b7 a2 38. b8Q a1Q 39. Qe5 Qa2 40. f3 Qc4 41. e4 dxe4 42. fxe4 1-0

[Event "HUN-chT2 Breyer 1819"]
[Site "Hungary"]
[Date "2018.11.18"]
[Round "2.9"]
[White "Bernula, Istvan"]
[Black "Rabovszky, Gyorgy"]
[Result "1-0"]
[WhiteElo "1848"]
[BlackElo "1827"]
[PlyCount "91"]
[EventDate "2018.10.28"]
[EventType "team-tourn"]
[EventRounds "9"]
[EventCountry "HUN"]
[SourceTitle "CBM 189 Extra"]
[Source "ChessBase"]
[SourceDate "2019.05.31"]
[SourceVersion "1"]
[SourceVersionDate "2019.05.31"]
[SourceQuality "1"]
[WhiteTeam "Torokbalint"]
[BlackTeam "Budapest HASE"]
[WhiteTeamCountry "HUN"]
[BlackTeamCountry "HUN"]

1. e4 c5 2. Nf3 Nc6 3. Bb5 g6 4. c3 Bg7 5. d4 Qa5 6. Bxc6 dxc6 7. 0-0 Nh6 8. h3 0-0 9. Bd2 cxd4 10. cxd4 Qh5 11. Nc3 Kh8 12. Ne2 Qb5 13. Bc3 f5 14. a4 Qc4 15. e5 b6 16. Nf4 Qg8 17. Re1 e6 18. Ng5 Re8 19. h4 Nf7 20. Qf3 Bd7 21. Qg3 Bh6 22. f3 Kg7 23. d5 Bxg5 24. hxg5 cxd5 25. Nxd5 Qf8 26. Bb4 Qh8 27. Nc7 Rac8 28. Nxe8+ Qxe8 29. f4 Rc2 30. Qd3 Bxa4 31. Re2 Rc8 32. Rd2 a5 33. Bd6 Bb5 34. Qd4 Rc4 35. Qe3 Qc6 36. Rad1 Ba4 37. Re1 Re4 38. Qf2 Bc2 39. Rxe4 Bxe4 40. Be7 b5 41. Bf6+ Kg8 42. Kh2 Qb7 43. Qc5 Bd5 44. Rc2 h5 45. Qc8+ Qxc8 46. Rxc8+ 1-0

[Event "Balaton op 36th"]
[Site "Balatonlelle"]
[Date "2018.06.16"]
[Round "5"]
[White "Gaal, Ede"]
[Black "Rabovszky, Gyorgy"]
[Result "1-0"]
[WhiteElo "2141"]
[BlackElo "1789"]
[PlyCount "63"]
[EventDate "2018.06.12"]
[EventType "swiss"]
[EventRounds "9"]
[EventCountry "HUN"]
[SourceTitle "CBM 185 Extra"]
[Source "ChessBase"]
[SourceDate "2018.07.29"]
[SourceVersion "1"]
[SourceVersionDate "2018.07.29"]
[SourceQuality "1"]

1. e4 c5 2. Nf3 Nc6 3. Bb5 Na5 4. 0-0 a6 5. Be2 e6 6. b3 d5 7. exd5 exd5 8. Re1 Be6 9. d4 Nf6 10. c3 c4 11. bxc4 dxc4 12. Ng5 Qd7 13. Nxe6 fxe6 14. Bg4 Nxg4 15. Qxg4 0-0-0 16. Bf4 h5 17. Qxe6 Qxe6 18. Rxe6 Rd5 19. g3 g5 20. Be5 Rg8 21. Nd2 Kd7 22. Rb6 Rb5 23. Rxb5 axb5 24. Rb1 b4 25. cxb4 c3 26. Ne4 Bxb4 27. Nf6+ Ke6 28. Nxg8 Ba3 29. Re1 Kd5 30. Nf6+ Kc4 31. f4 Nc6 32. Ne4 1-0

[Event "HUN-chT2 Breyer 1718"]
[Site "Hungary"]
[Date "2018.03.25"]
[Round "10.9"]
[White "Rabovszky, Gyorgy"]
[Black "Kiss, Istvan"]
[Result "1/2-1/2"]
[WhiteElo "1817"]
[BlackElo "1767"]
[PlyCount "100"]
[EventDate "2017.09.24"]
[EventType "team-tourn"]
[EventRounds "11"]
[EventCountry "HUN"]
[SourceTitle "EXT 2021"]
[Source "ChessBase"]
[SourceDate "2020.10.23"]
[SourceVersion "1"]
[SourceVersionDate "2020.10.23"]
[SourceQuality "1"]
[WhiteTeam "Budapest HASE"]
[BlackTeam "Nyergesujfalu"]
[WhiteTeamCountry "HUN"]
[BlackTeamCountry "HUN"]

1. e4 d6 2. d4 g6 3. Bc4 Bg7 4. Nc3 c6 5. Be3 Nd7 6. f4 Qc7 7. f5 Ngf6 8. Nh3 Nb6 9. Bb3 e6 10. 0-0 exf5 11. Bg5 0-0 12. Qe1 Nxe4 13. Nxe4 fxe4 14. Qxe4 Bxh3 15. gxh3 d5 16. Qh4 Rae8 17. Rae1 Qd7 18. Be7 Bxd4+ 19. Kg2 Bxb2 20. Bxf8 Rxf8 21. Re7 Qc8 22. Qf4 f6 23. Qh6 Rf7 24. Rxf7 Kxf7 25. Qxh7+ Ke6 26. Qxg6 Kd6 27. h4 Bd4 28. h5 Qe6 29. Qg4 Be5 30. Qg6 Bd4 31. Qg3+ Be5 32. Qf3 Qg8+ 33. Kh3 Qg5 34. Qg4 Qd2 35. Qg2 Qh6 36. Qf3 Qd2 37. Rf2 Qh6 38. Rg2 Nd7 39. Rg6 Qd2 40. Rg2 Qh6 41. c4 d4 42. Bd1 Nf8 43. c5+ Kc7 44. Qe4 Ne6 45. Kh4 Nxc5 46. Rg6 Qd2 47. Rg7+ Kd6 48. Qe2 Qf4+ 49. Rg4 Qh6 50. Qg2 Ne6 1/2-1/2

[Event "HUN-chT2 Breyer 1718"]
[Site "Hungary"]
[Date "2018.03.04"]
[Round "9.7"]
[White "Palinkas, Balint"]
[Black "Rabovszky, Gyorgy"]
[Result "0-1"]
[WhiteElo "1745"]
[BlackElo "1817"]
[PlyCount "46"]
[EventDate "2017.09.24"]
[EventType "team-tourn"]
[EventRounds "11"]
[EventCountry "HUN"]
[SourceTitle "EXT 2021"]
[Source "ChessBase"]
[SourceDate "2020.10.23"]
[SourceVersion "1"]
[SourceVersionDate "2020.10.23"]
[SourceQuality "1"]
[WhiteTeam "Esztergom"]
[BlackTeam "Budapest HASE"]
[WhiteTeamCountry "HUN"]
[BlackTeamCountry "HUN"]

1. c4 g6 2. Nc3 Bg7 3. d4 e6 4. e4 Ne7 5. Be3 d5 6. e5 0-0 7. Qd2 Nf5 8. Nf3 Nd7 9. Rc1 c6 10. b4 a5 11. b5 dxc4 12. bxc6 bxc6 13. Bxc4 Nb6 14. Bd3 Nxe3 15. fxe3 Nd5 16. Nxd5 cxd5 17. 0-0 Bh6 18. g4 f6 19. h4 fxe5 20. Nxe5 Qxh4 21. Bxg6 Qg3+ 22. Kh1 Qh3+ 23. Kg1 Bxe3+ 0-1

[Event "HUN-chT2 Breyer 1718"]
[Site "Hungary"]
[Date "2018.02.18"]
[Round "8.9"]
[White "Rabovszky, Gyorgy"]
[Black "Dekany, Lajos"]
[Result "0-1"]
[WhiteElo "1817"]
[BlackElo "2010"]
[PlyCount "66"]
[EventDate "2017.09.24"]
[EventType "team-tourn"]
[EventRounds "11"]
[EventCountry "HUN"]
[SourceTitle "EXT 2021"]
[Source "ChessBase"]
[SourceDate "2020.10.23"]
[SourceVersion "1"]
[SourceVersionDate "2020.10.23"]
[SourceQuality "1"]
[WhiteTeam "Budapest HASE"]
[BlackTeam "Kisber Aszar"]
[WhiteTeamCountry "HUN"]
[BlackTeamCountry "HUN"]

1. e4 c5 2. Nc3 Nc6 3. f4 d6 4. Bc4 Nf6 5. Nf3 a6 6. a4 Bg4 7. h3 Bxf3 8. Qxf3 Nd4 9. Qd3 e6 10. 0-0 Be7 11. e5 Nd7 12. exd6 Bxd6 13. Ne4 Be7 14. b4 0-0 15. Ba3 b5 16. axb5 axb5 17. bxc5 Rxa3 18. Rxa3 Nxc5 19. Nxc5 Bxc5 20. Ra6 Qc8 21. Ra2 bxc4 22. Qxc4 Nf3+ 23. Kh1 Nxd2 24. Qe2 Nxf1 25. Qxf1 Rd8 26. c4 Qb7 27. f5 Qb3 28. Ra1 exf5 29. Qxf5 Rd1+ 30. Rxd1 Qxd1+ 31. Kh2 Bg1+ 32. Kg3 Qe1+ 33. Kg4 g6 0-1

[Event "Budapest Karacsonyi op"]
[Site "Budapest"]
[Date "2017.12.29"]
[Round "4"]
[White "Eperjesi, Laszlo"]
[Black "Rabovszky, Gyorgy"]
[Result "1-0"]
[WhiteElo "2089"]
[BlackElo "1776"]
[PlyCount "121"]
[EventDate "2017.12.27"]
[EventType "swiss"]
[EventRounds "7"]
[EventCountry "HUN"]
[SourceTitle "CBM 182 Extra"]
[Source "ChessBase"]
[SourceDate "2018.02.23"]
[SourceVersion "1"]
[SourceVersionDate "2018.02.23"]
[SourceQuality "1"]

1. d4 Nf6 2. c4 e5 3. dxe5 Ne4 4. Nd2 Bb4 5. Ngf3 Nc6 6. Qc2 Nxd2 7. Bxd2 Bxd2+ 8. Qxd2 Qe7 9. Qc3 b6 10. e3 Bb7 11. a3 0-0-0 12. Rc1 g5 13. h3 h5 14. c5 g4 15. Nd4 Qxe5 16. Nxc6 Qxc3+ 17. Rxc3 Bxc6 18. Ba6+ Kb8 19. Kf1 Rdg8 20. h4 Rh6 21. Rg1 f5 22. Bd3 f4 23. exf4 Rf6 24. f5 Re8 25. b4 Re5 26. f4 Rd5 27. Kf2 Rf8 28. Re1 g3+ 29. Kg1 Rg8 30. f6 Rf8 31. f7 Rxf7 32. Re8+ Kb7 33. b5 Bxb5 34. Bxb5 Rd1+ 35. Bf1 Rxf4 36. Rf3 Rxh4 37. Rxg3 bxc5 38. Rb3+ Kc6 39. g3 Rhd4 40. Kf2 c4 41. Rc3 d5 42. Re1 R1d2+ 43. Re2 Rd1 44. Re7 h4 45. Be2 hxg3+ 46. Rxg3 R1d2 47. Rg6+ Kb5 48. Ke3 c6 49. Rxa7 R2d3+ 50. Bxd3 Rxd3+ 51. Ke2 d4 52. Rb7+ Kc5 53. Rg5+ Kd6 54. Rh7 Rxa3 55. Rh6+ Kc7 56. Rc5 Re3+ 57. Kf2 c3 58. Rcxc6+ Kb7 59. Rc4 Rd3 60. Rd6 Rd2+ 61. Ke1 1-0

[Event "Banska Stiavnica V4 op"]
[Site "Banska Stiavnica"]
[Date "2017.07.09"]
[Round "2"]
[White "Rabovszky, Gyorgy"]
[Black "Halak, Miklos"]
[Result "0-1"]
[WhiteElo "1762"]
[BlackElo "2212"]
[PlyCount "36"]
[EventDate "2017.07.08"]
[EventType "swiss"]
[EventRounds "9"]
[EventCountry "SVK"]
[SourceTitle "CBM 179 Extra"]
[Source "ChessBase"]
[SourceDate "2017.08.23"]
[SourceVersion "1"]
[SourceVersionDate "2017.08.23"]
[SourceQuality "1"]

1. e4 g6 2. d4 Bg7 3. Nc3 d6 4. f4 a6 5. Nf3 b5 6. Bd3 Bb7 7. 0-0 Nf6 8. e5 Nd5 9. Qe2 0-0 10. f5 dxe5 11. Nxd5 e4 12. fxg6 Qxd5 13. c4 exf3 14. gxh7+ Kh8 15. Rxf3 Qxd4+ 16. Be3 Bxf3 17. Qxf3 Qxd3 18. Rd1 Qxc4 0-1

[Event "Banska Stiavnica V4 op"]
[Site "Banska Stiavnica"]
[Date "2016.07.02"]
[Round "1"]
[White "Demeter, Peter"]
[Black "Rabovszky, Gyorgy"]
[Result "1-0"]
[WhiteElo "2190"]
[BlackElo "1828"]
[PlyCount "65"]
[EventDate "2016.07.02"]
[EventType "swiss"]
[EventRounds "9"]
[EventCountry "SVK"]
[SourceTitle "CBM 173 Extra"]
[Source "ChessBase"]
[SourceDate "2016.08.29"]
[SourceVersion "1"]
[SourceVersionDate "2016.08.29"]
[SourceQuality "1"]

1. c4 e5 2. d3 Nf6 3. Nf3 c6 4. Nc3 d5 5. cxd5 cxd5 6. Nxe5 d4 7. Qa4+ Nc6 8. Nxc6 bxc6 9. Nb1 Qb6 10. Nd2 Be6 11. a3 Be7 12. Nc4 Qc7 13. g3 Bd5 14. f3 Nh5 15. Kf2 0-0 16. Bg2 Rab8 17. f4 f6 18. Bd2 g5 19. Bf3 gxf4 20. Bxh5 fxg3+ 21. hxg3 Bd6 22. Nxd6 Qxd6 23. Qxd4 c5 24. Qg4+ Kh8 25. Bf4 Qc6 26. Qh4 Bxh1 27. Rxh1 Rxb2 28. Bg6 Rb7 29. Be4 Qd7 30. Bxb7 Qxb7 31. Rc1 Qe7 32. Rc4 Rb8 33. Bxb8 1-0

[Event "HUN-chT2 Erkel 1516"]
[Site "Hungary"]
[Date "2015.11.08"]
[Round "4.10"]
[White "Rabovszky, Gyorgy"]
[Black "Vas, Vince"]
[Result "1/2-1/2"]
[WhiteElo "1876"]
[BlackElo "1677"]
[PlyCount "48"]
[EventDate "2015.09.13"]
[EventType "team-tourn"]
[EventRounds "11"]
[EventCountry "HUN"]
[SourceTitle "CBM 170 Extra"]
[Source "ChessBase"]
[SourceDate "2016.02.25"]
[SourceVersion "1"]
[SourceVersionDate "2016.02.25"]
[SourceQuality "1"]
[WhiteTeam "HASE"]
[BlackTeam "Paszto"]
[WhiteTeamCountry "HUN"]
[BlackTeamCountry "HUN"]

1. e4 e5 2. Nf3 Nf6 3. d4 exd4 4. e5 Nd5 5. Bc4 Nb6 6. Bb3 d5 7. 0-0 Be7 8. Nxd4 c5 9. Nb5 0-0 10. c3 a6 11. N5a3 Nc6 12. Bf4 Be6 13. Nd2 f6 14. exf6 Bxf6 15. Bg3 Qd7 16. Nf3 Rae8 17. Ba4 Nxa4 18. Qxa4 Bg4 19. Rfe1 Bxf3 20. gxf3 Bd8 21. Qg4 Rf7 22. Kg2 Ref8 23. Qxd7 Rxd7 24. Re6 Bf6 1/2-1/2

[Event "HUN-chT2 Erkel 1516"]
[Site "Hungary"]
[Date "2015.10.18"]
[Round "3.11"]
[White "Rabovszky, Gyorgy"]
[Black "Weszelovszki, Gabor"]
[Result "1-0"]
[WhiteElo "1840"]
[BlackElo "1842"]
[PlyCount "53"]
[EventDate "2015.09.13"]
[EventType "team-tourn"]
[EventRounds "11"]
[EventCountry "HUN"]
[SourceTitle "CBM 170 Extra"]
[Source "ChessBase"]
[SourceDate "2016.02.25"]
[SourceVersion "1"]
[SourceVersionDate "2016.02.25"]
[SourceQuality "1"]
[WhiteTeam "HASE"]
[BlackTeam "Matra"]
[WhiteTeamCountry "HUN"]
[BlackTeamCountry "HUN"]

1. e4 c5 2. Nc3 Nc6 3. f4 e6 4. Bc4 Na5 5. Be2 d5 6. Bb5+ Bd7 7. exd5 Bxb5 8. Nxb5 a6 9. Nc3 exd5 10. Qe2+ Be7 11. Nf3 Nf6 12. d3 0-0 13. Bd2 Re8 14. 0-0 Bd6 15. Ne5 Nc6 16. Qf3 Nxe5 17. fxe5 Bxe5 18. Bg5 Bxc3 19. bxc3 Rc8 20. Bxf6 gxf6 21. Rab1 Rc7 22. Rb6 Rce7 23. Rxf6 Re1 24. Qg3+ Kh8 25. Rxf7 Rxf1+ 26. Kxf1 Rg8 27. Qe5+ 1-0

[Event "Budapest FS10 FM"]
[Site "Budapest"]
[Date "2015.10.12"]
[Round "10"]
[White "Rabovszky, Gyorgy"]
[Black "Ongut, Tamas Gunes"]
[Result "1/2-1/2"]
[WhiteElo "1840"]
[BlackElo "1897"]
[PlyCount "88"]
[EventDate "2015.10.03"]
[EventType "tourn"]
[EventRounds "10"]
[EventCountry "HUN"]
[SourceTitle "CBM 168 Extra"]
[Source "ChessBase"]
[SourceDate "2015.10.29"]
[SourceVersion "1"]
[SourceVersionDate "2015.10.29"]
[SourceQuality "1"]

1. e4 e6 2. d4 d5 3. Nc3 Nf6 4. exd5 exd5 5. Nf3 Bd6 6. Bg5 c6 7. Bd3 0-0 8. 0-0 Bg4 9. h3 Bh5 10. g4 Bg6 11. Ne5 Bxd3 12. Qxd3 h6 13. Bh4 g5 14. Bg3 Nfd7 15. Ng6 Bxg3 16. Nxf8 Bc7 17. Nxd7 Nxd7 18. Rae1 Nf8 19. Re3 Ng6 20. Ne2 Qd6 21. f4 gxf4 22. Ref3 Qe6 23. R3f2 Re8 24. Nxf4 Bxf4 25. Rxf4 Nxf4 26. Rxf4 Kg7 27. Kg2 Qe1 28. Rf2 Qe4+ 29. Qf3 Kg6 30. h4 Qxf3+ 31. Kxf3 Re4 32. c3 f6 33. a4 b6 34. b4 a6 35. Re2 Rxe2 36. Kxe2 f5 37. Kf3 Kf6 38. Kf4 fxg4 39. Kxg4 Kg6 40. h5+ Kf6 41. Kf4 Ke6 42. Kg4 Kf6 43. Kf4 Ke6 44. Kg4 Kf6 1/2-1/2

[Event "Budapest FS10 FM"]
[Site "Budapest"]
[Date "2015.10.11"]
[Round "9"]
[White "Mester, Attila"]
[Black "Rabovszky, Gyorgy"]
[Result "1-0"]
[WhiteElo "2044"]
[BlackElo "1840"]
[PlyCount "95"]
[EventDate "2015.10.03"]
[EventType "tourn"]
[EventRounds "10"]
[EventCountry "HUN"]
[SourceTitle "CBM 168 Extra"]
[Source "ChessBase"]
[SourceDate "2015.10.29"]
[SourceVersion "1"]
[SourceVersionDate "2015.10.29"]
[SourceQuality "1"]

1. e4 c5 2. Nf3 Nc6 3. Nc3 g6 4. d4 cxd4 5. Nxd4 Bg7 6. Be3 d6 7. Qd2 Bd7 8. 0-0-0 Nf6 9. f3 Nxd4 10. Bxd4 0-0 11. Kb1 Qa5 12. Nd5 Qxd2 13. Nxe7+ Kh8 14. Rxd2 Rfe8 15. Nd5 Nxd5 16. Bxg7+ Kxg7 17. Rxd5 f5 18. Rxd6 Re7 19. Bd3 Rae8 20. Rxd7 Rxd7 21. Bb5 Red8 22. Bxd7 Rxd7 23. exf5 Rd2 24. fxg6 Kxg6 25. g3 Rf2 26. f4 Kf5 27. b4 Kg4 28. Kc1 h5 29. a4 Kh3 30. a5 h4 31. gxh4 Rxf4 32. c3 Rxh4 33. Rd1 Rh7 34. Rd2 Kg4 35. Kc2 Kf5 36. h4 Ke6 37. Rh2 Rh5 38. c4 Kd6 39. Kd3 b6 40. axb6 axb6 41. Ke4 Ke6 42. Kf4 Rf5+ 43. Kg3 Re5 44. h5 Rg5+ 45. Kf4 Rf5+ 46. Ke4 Rf7 47. h6 Rh7 48. Rh1 1-0